BIBLIOTHÈQUE DE LA MAISON DU MEXIQUE

Logo 1 Logo 2

Estudio etnográfico de los mayas del ex Territorio Quintana Roo (notice nᵒ 11303)

détails MARC
000 -Sello discográfico
campo de control de longitud fija 00780nam a2200277 4500
005 - Identificación de versión
campo de control 20251016084657.0
035 ## - Otros números de control del sistema
Número de control del sistema 1414
099 ## - fechas locales
Tipo de ítem Koha LIBRO
100 ## - Datos de procesamiento general
Datos de procesamiento general 20040503d1934 m y1spay5003 ba
105 ## - Campo de datos codificados: Material textual, monográfico
Datos codificados de monografía a 001zy
200 1# - Título y mención de responsabilidad
Título propio Estudio etnográfico de los mayas del ex Territorio Quintana Roo
Designación general del material texto impreso
Otra información del título su incorporación a la vida nacional
Primer mención de responsabilidad Santiago Pacheco Cruz
210 ## - Publicación, distribución, etc.
Lugar de publicación, distribución, etc. México
Nombre del editor, distribuidor, etc. Imprenta Oriente
Fecha de publicación, distribución, etc. 1934
215 ## - Descripción física
Designación de material específico y extensión del ítem 92 p
Otras características físicas il.
Dimensiones 23 cm
345 ## - Nota de información de adquisición
Fuente de adquisición/dirección de la suscripción [OBSOLETO] Donación
606 ## - Término temático usado como materia
Elemento de entrada Etnología
Subdivisión temática Yucatán
Número Koha 12397
606 ## - Término temático usado como materia
Elemento de entrada Mayas
Número Koha 418
660 ## - Código de área geográfica
Código MX
676 ## - Clasificación Decimal Dewey
Número 970.8 P116e
700 ## - Nombre personal - Responsabilidad primaria
Elemento de entrada Pacheco Cruz
Parte del nombre distinta del elemento de entrada Santiago
Número Koha 16152
801 #0 - Fuente de origen
Agencia cm
900 ## -
-- 1/7330
900 ## -
-- 7100419095\030504
942 ## - ELEMENTOS DE ENTRADA SECUNDARIOS (KOHA)
Tipo de ítem Koha Livre

Pas d'exemplaire disponible.